00742nac a22001931u 4500010001600000020001500016082002300031090001500054100003400069245008700103260004300190300003300233504005100266650004700317650003000364942001400394999001500408952012500423 a 89012699 a007009781X00a621.381/531bC1721 c1898d1898 aCapillo, Carmen. 10aSurface mount technology :bmaterials, processes, and equipment /cCarmen Capillo. aNew York :bMcGraw-Hill,c1989, c1990. axv, 347 p. :bill. ;c24 cm. aIncludes bibliographical references and index. 0aPrinted circuitsxDesign and construction. 0aSurface mount technology. cBBkC1721 c1898d1898 00102ddc40748 aMAINbMAINc1STd2007-02-04epurchasel0o621.381531 CAPp000002364r2025-07-15 00:00:00v183.20yBB